| 000 | 05124cam a22014294i 4500 | ||
|---|---|---|---|
| 003 | PE-LiUPU | ||
| 005 | 20250813185347.0 | ||
| 008 | 150706s2011 sp a rb 000 0 spa d | ||
| 020 | _a9788499690094 | ||
| 035 | _a(Sirsi) i9788499690094 | ||
| 040 |
_aPE-LiUPU _bspa _cPE-LiUPU _erda |
||
| 049 | _aPRUA | ||
| 082 | 0 | 4 |
_a333.790946 _bE39 2011 |
| 082 | 0 | 4 |
_a333.790946 _bE39 _221 |
| 100 | 1 |
_aElias Castells, Xavier, _eautor. |
|
| 245 | 1 | 0 |
_aEnergía, agua, medioambiente, territorialidad y sostenibilidad / _cXavier Elías Castells y Santiago Bordas Alsina. |
| 264 | 1 |
_a[Madrid] : _bDíaz de Santos, _c2011. |
|
| 300 |
_axvii, 992 páginas : _bilustraciones ; _c28 centímetros |
||
| 336 |
_atext _2rdacontent |
||
| 337 |
_aunmediated _2rdamedia |
||
| 338 |
_avolume _2rdacarrier |
||
| 504 | _aIncluye bibliografía. | ||
| 505 | 0 | _aEl modelo energético español -- Aspectos ambientales y demográficos relacionados con la energía -- Energía y transporte -- La vivienda y el confort -- Energías renovables -- Biomasa y bioenergía -- Conclusiones. Energías renovables versus convencionales. | |
| 526 | _aP202 | ||
| 526 | _aP201 | ||
| 526 | _aP163 | ||
| 526 | _aP162 | ||
| 526 | _aP161 | ||
| 526 | _aP160 | ||
| 526 | _aP148 | ||
| 526 | _aP147 | ||
| 526 | _aP146 | ||
| 526 | _aP145 | ||
| 526 | _aP144 | ||
| 526 | _aP143 | ||
| 526 | _aP142 | ||
| 526 | _aP141 | ||
| 526 | _aP140 | ||
| 526 | _aP139 | ||
| 526 | _aP138 | ||
| 526 | _aP137 | ||
| 526 | _aP136 | ||
| 526 | _aP135 | ||
| 526 | _aP134 | ||
| 526 | _aP133 | ||
| 526 | _aP129 | ||
| 526 | _aP128 | ||
| 526 | _aP127 | ||
| 526 | _aP120 | ||
| 526 | _aP119 | ||
| 526 | _aP118 | ||
| 526 | _aP116 | ||
| 526 | _aP115 | ||
| 526 | _aP114 | ||
| 526 | _aP110 | ||
| 526 | _aP109 | ||
| 526 | _aP108 | ||
| 526 | _aP104 | ||
| 526 | _aP103 | ||
| 526 | _aP102 | ||
| 526 | _aP99 | ||
| 526 | _aP98 | ||
| 526 | _aP97 | ||
| 526 | _aP96 | ||
| 526 | _aP95 | ||
| 526 | _aP93 | ||
| 526 | _aP90 | ||
| 526 | _aP89 | ||
| 526 | _aP88 | ||
| 526 | _aP83 | ||
| 526 | _aP82 | ||
| 526 | _aP62 | ||
| 526 | _aP59 | ||
| 526 | _aP58 | ||
| 526 | _aP57 | ||
| 526 | _aP51 | ||
| 526 | _aP49 | ||
| 526 | _aP48 | ||
| 526 | _aP47 | ||
| 526 | _aP29 | ||
| 526 | _aP24 | ||
| 526 | _aP20 | ||
| 526 | _aP19 | ||
| 526 | _aP17 | ||
| 526 | _aP15 | ||
| 526 | _aP14 | ||
| 526 | _aP12 | ||
| 526 | _aP10 | ||
| 526 | _aP09 | ||
| 526 | _aP08 | ||
| 526 | _aP07 | ||
| 526 | _aP06 | ||
| 526 | _aP05 | ||
| 526 | _aP04 | ||
| 526 | _aP01 | ||
| 541 | _g015-0014331; | ||
| 541 | _g015-0016192; | ||
| 541 | _FAmbiental; | ||
| 650 | 0 | 4 |
_aBiomasa _zEspaña. |
| 650 | 0 | 4 |
_aConsumo de energía _zEspaña. |
| 650 | 0 | 4 |
_aDesarrollo sostenible _zEspaña. |
| 650 | 0 | 4 |
_aEnergía _zEspaña. |
| 650 | 0 | 4 |
_aMedio ambiente _zEspaña. |
| 650 | 0 | 4 |
_aProtección del medio ambiente _zEspaña. |
| 650 | 0 | 4 |
_aRecursos energéticos renovables _zEspaña. |
| 650 | 0 | 4 |
_aRecursos hídricos _zEspaña. |
| 700 | 1 |
_aBordas Alsina, Santiago, _eautor. |
|
| 910 |
_agl _cng _d20121004 |
||
| 942 |
_2ddc _cBOOK |
||
| 949 |
_a333.790946 E39 _wDEWEY _c1 _i65484 _d2015-8-17 _e2015-8-16 _lCCODEBUL1 _mBUL _n1 _p187.00 _r0 _sY _tBOOK _u2015-7-6 _xINGENIERIA _PP24 _0COMPRA _o.STAFF. Colección General |
||
| 949 |
_a333.790946 E39 _wDEWEY _c2 _i69160 _d2015-12-1 _e2015-11-30 _lCCODEBUL1 _mBUL _n1 _p2001.00 _r0 _sY _tBOOK _u2015-7-6 _xINGENIERIA _PP24 _0COMPRA _o.STAFF. Colección General |
||
| 949 |
_a333.790946 E39 _wDEWEY _c3 _i70207 _lCCODEBUL1 _mBUL _p187.00 _r0 _sY _tBOOK _u2014-7-18 _xINGENIERIA _PP24 _0COMPRA _o.STAFF. Colección General |
||
| 949 |
_a333.790946 E39 _wDEWEY _c4 _i71289 _d2015-8-14 _e2015-8-14 _lCCODEBUL1 _mBUL _n1 _p126.92 _r0 _sY _tBOOK _u2014-7-18 _xINGENIERIA _PP24 _0COMPRA _o.STAFF. Colección General |
||
| 949 |
_a333.91 C33 2011 _wDEWEY _c1 _iFJ04070 _lCCODEBUJ1 _mBUJ _p185.00 _r0 _sY _tBOOK _u2015-10-5 _xINGENIERIA _PP24 _0COMPRA _o.STAFF. Colección General Juliaca |
||
| 994 |
_aC0 _bPEPRU |
||
| 596 | _a1 3 | ||
| 999 |
_a333.790946 E39 _wDEWEY _c17753 _i65484 _d17753 _e2015-8-16 _f2021-11-9 _g7 _lCCODEBUL1 _mBUL _n1 _p187.00 _q1 _r0 _sY _tBOOK _u2015-7-6 _xINGENIERIA _PP24 _0COMPRA _o.STAFF. Colección General |
||
| 999 |
_a333.790946 E39 _wDEWEY _c2 _i69160 _d2015-12-1 _e2015-11-30 _f2021-11-9 _g7 _lCCODEBUL1 _mBUL _n1 _p2001.00 _q1 _r0 _sY _tBOOK _u2015-7-6 _xINGENIERIA _PP24 _0COMPRA _o.STAFF. Colección General |
||
| 999 |
_a333.790946 E39 _wDEWEY _c3 _i70207 _f2021-11-9 _g7 _lCCODEBUL1 _mBUL _p187.00 _q1 _r0 _sY _tBOOK _u2014-7-18 _xINGENIERIA _PP24 _0COMPRA _o.STAFF. Colección General |
||
| 999 |
_a333.790946 E39 _wDEWEY _c4 _i71289 _d2019-6-12 _e2019-6-5 _f2021-11-9 _g7 _lCCODEBUL1 _mBUL _n2 _p126.92 _q2 _r0 _sY _tBOOK _u2014-7-18 _xINGENIERIA _PP24 _0COMPRA _o.STAFF. Colección General |
||
| 999 |
_a333.91 C33 2011 _wDEWEY _c1 _iFJ04070 _d2019-4-9 _e2019-4-9 _f2022-1-18 _g4 _lCCODEBUJ1 _mBUJ _n1 _p185.00 _q4 _r0 _sY _tBOOK _u2015-10-5 _xINGENIERIA _PP24 _0COMPRA _o.STAFF. Colección General Juliaca |
||
| 980 |
_81 _gALBERTO SANCHEZ Responsable de Automatización |
||